Πολιτικές περιβάλλοντος για τα διασυνοριακά ποτάμια της Ελλάδας : μεταπτυχιακή διατριβή
Αποθηκεύτηκε σε:
| Κύριος συγγραφέας: | |
|---|---|
| Συγγραφή απο Οργανισμό/Αρχή: | |
| Άλλοι συγγραφείς: | |
| Μορφή: | Thesis Βιβλίο |
| Γλώσσα: | Greek |
| Δημοσίευση: |
Μυτιλήνη :
Πανεπιστήμιο Αιγαίου, Τμήμα Περιβάλλοντος, Μεταπτυχιακό Πρόγραμμα Σπουδών στην Περιβαλλοντική Πολιτική και Διαχείριση,
2000
|
| Θέματα: | |
| Διαθέσιμο Online: | http://hdl.handle.net/11610/15161 |
| Ετικέτες: |
Προσθήκη ετικέτας
Δεν υπάρχουν, Καταχωρήστε ετικέτα πρώτοι!
|
MARC
| LEADER | 00000cam a2200000 i 4500 | ||
|---|---|---|---|
| 001 | 1/16575 | ||
| 008 | 010201s2000 gre d | ||
| 035 | |l 10065822 | ||
| 040 | |a GR-MY-UA |b gre |e aacr | ||
| 041 | 0 | |a gre | |
| 082 | 0 | |a 333.91 |2 (22) | |
| 100 | 1 | |a Τζαναβάρης, Δημήτριος Γ. | |
| 245 | 1 | 0 | |a Πολιτικές περιβάλλοντος για τα διασυνοριακά ποτάμια της Ελλάδας : |b μεταπτυχιακή διατριβή / |c Δημήτριος Γ. Τζαναβάρης ; επιβλέπων καθηγητής Χ. Κοκκώσης |
| 260 | |a Μυτιλήνη : |b Πανεπιστήμιο Αιγαίου, Τμήμα Περιβάλλοντος, Μεταπτυχιακό Πρόγραμμα Σπουδών στην Περιβαλλοντική Πολιτική και Διαχείριση, |c 2000 | ||
| 300 | |a 138 σ. |b φωτ. | ||
| 500 | |a Περιλαμβάνει παράρτημα | ||
| 502 | |a Διατριβή (μεταπτυχιακή) – Πανεπιστήμιο Αιγαίου, Λέσβος, 2000. | ||
| 504 | |a Περιλαμβάνει βιβλιογραφία | ||
| 650 | 0 | 0 | |a Environmental protection |x International cooperation. |
| 650 | 0 | 0 | |a Environmental policy |x International cooperation. |
| 650 | 0 | 0 | |a Transboundary pollution. |
| 650 | 0 | 0 | |a Water rights. |
| 650 | 0 | 0 | |a Rivers |z Greece. |
| 650 | 0 | 0 | |a Dissertations, Academic |z Greece. |
| 700 | 1 | |4 ths |a Κοκκώσης, Χαράλαμπος. | |
| 710 | 2 | |a Πανεπιστήμιο Αιγαίου |b Σχολή Περιβάλλοντος |b Τμήμα Περιβάλλοντος |b Πρόγραμμα Μεταπτυχιακών Σπουδών Περιβαλλοντική Πολιτική και Διαχείριση. | |
| 852 | |a INST |b LESVOS |c DIATR |e 20010201 |h 15α |p 005100027243 |q 005100027243 |t MTXE |v τ.1: |y 23 |z τ.1 | ||
| 852 | |a INST |b LESVOS |c DIATR |e 20010201 |h 15β |p 005100027233 |q 005100027233 |t MTXE |v τ.2: |y 23 |z τ.2 | ||
| 852 | |a INST |b LESVOS |c DIATR |e 20010201 |h 16α |p 005100027242 |q 005100027242 |t MTXE |v τ.1: |y 23 |z τ.1 | ||
| 852 | |a INST |b LESVOS |c DIATR |e 20010201 |h 16β |p 005100027232 |q 005100027232 |t MTXE |v τ.2: |y 23 |z τ.2 | ||
| 853 | |a INST |b LESVOS |c DIATR |h 15α | ||
| 853 | |a INST |b LESVOS |c DIATR |h 15β | ||
| 853 | |a INST |b LESVOS |c DIATR |h 16α | ||
| 853 | |a INST |b LESVOS |c DIATR |h 16β | ||
| 856 | |u http://hdl.handle.net/11610/15161 | ||
| 901 | |a BIBL1-2001-1 | ||
| 909 | |a Λ |b 085339 | ||
| 909 | |a Λ |b 085340 | ||
| 909 | |a Λ |b 085341 | ||
| 909 | |a Λ |b 085338 | ||
| 924 | |a ΤΖΑΝΑΒΑΡΗΣ |b ΔΗΜΗΤΡΙΟΣ Γ. |y ΛΕΣΒΟΣ |z 2001-01 | ||
| 970 | |a ΚΑΜΑΤΣΟΥ |b ΔΕΣΠΟΙΝΑ |z 2001/02/01 | ||